书目信息 |
| 题名: |
物华风清
|
|
| 作者: | 翟民 主编 | |
| 分册: | ||
| 出版信息: | 银川 阳光出版社 2016 |
|
| 页数: | 146页 | |
| 开本: | 23cm | |
| 丛书名: | 文学常识丛书 | |
| 单 册: | ||
| 中图分类: | I206.2-49 , I206.2 , I206.2 | |
| 科图分类: | ||
| 主题词: | 古典散文--Gu Dian San Wen--文学欣赏--中国--青少年读物 | |
| 电子资源: | ||
| ISBN: | 978-7-5525-2724-7 | |
| 000 | 01080nam 2200265 450 | |
| 001 | 2374393647 | |
| 005 | 20231120205615.69 | |
| 010 | @a978-7-5525-2724-7@dCNY28.50 | |
| 100 | @a20180314d2016 em y0chiy50 ea | |
| 101 | 0 | @achi |
| 102 | @aCN@b640000 | |
| 105 | @ay z 000yy | |
| 200 | 1 | @a物华风清@Awu hua feng qing@f翟民主编 |
| 210 | @a银川@c阳光出版社@d2016 | |
| 215 | @a146页@d23cm | |
| 225 | 2 | @a文学常识丛书@AWen Xue Chang Shi Cong Shu |
| 330 | @a《物华风清》是《文学常识丛书》中的一本,本书精选、汇集司马相如、王粲、曹植、陶渊明、鲍照、王勃、白居易到姚鼐等17位大家的散文共计20篇,每篇由作者简介、原文、注释、译文、绝妙佳句组合而成,系统地解读了这些大家笔下对名山大川、风景事物的游记和为其所做的赋。书稿内容充实,叙述简明扼要,文字通俗易懂,能够很好地帮助中学生学习和理解中国古代散文。 | |
| 461 | 0 | @12001 @a文学常识丛书 |
| 606 | 0 | @a古典散文@AGu Dian San Wen@x文学欣赏@y中国@x青少年读物 |
| 690 | @aI206.2-49@v5 | |
| 690 | @aI206.2@v5 | |
| 690 | @aI206.2@v4 | |
| 701 | 0 | @a翟民@Azhai min@4主编 |
| 801 | 0 | @aCN@b山东中教@c20230926 |
| 905 | @aBZT@dI206.2@e18 | |
| 物华风清/翟民主编.-银川:阳光出版社,2016 |
| 146页;23cm.-(文学常识丛书) |
| ISBN 978-7-5525-2724-7:CNY28.50 |
| 《物华风清》是《文学常识丛书》中的一本,本书精选、汇集司马相如、王粲、曹植、陶渊明、鲍照、王勃、白居易到姚鼐等17位大家的散文共计20篇,每篇由作者简介、原文、注释、译文、绝妙佳句组合而成,系统地解读了这些大家笔下对名山大川、风景事物的游记和为其所做的赋。书稿内容充实,叙述简明扼要,文字通俗易懂,能够很好地帮助中学生学习和理解中国古代散文。 |
| ● |
| 相关链接 |
|
|
|
正题名:物华风清
索取号:I206.2/18
 
预约/预借
| 序号 | 登录号 | 条形码 | 馆藏地/架位号 | 状态 | 备注 |
| 1 | 2000958959 | 2000958959 | 第四书库/四10架B面4层2列/ [索取号:I206.2/18] | 在馆 | |
| 2 | 2000958960 | 2000958960 | 第四书库/四10架B面4层2列/ [索取号:I206.2/18] | 在馆 | |
| 3 | 2000958961 | 2000958961 | 第四书库/四10架B面4层2列/ [索取号:I206.2/18] | 在馆 | |
| 4 | 2000958962 | 2000958962 | 第四书库/四10架B面4层2列/ [索取号:I206.2/18] | 在馆 | |
| 5 | 2000958963 | 2000958963 | 第四书库/四10架B面4层2列/ [索取号:I206.2/18] | 在馆 | |
| 6 | 2000958964 | 2000958964 | 第四书库/四10架B面4层2列/ [索取号:I206.2/18] | 在馆 |